000 00321nam a22001337a 4500
008 180914b xxu||||| |||| 00| 0 eng d
020 _a9780963789716
041 _aeng
080 _a23224
100 _a24
101 _aTEO
245 _aA Source For Earth Community Of Religions
_cJoe.B
942 _2udc
_cBK
999 _c47765
_d47765